000 00728cam a2200205 4500
001 ##J62994
002 ##5373
008 000000n2000 000 0 eng u
035 _a(Sirsi) u109793
041 0 _aeng
110 2 _aRoyal Institution of Chartered Surveyors
_94900
245 0 0 _aCertificate for payment
_bfor use with JCT IFC98
_bserialised
260 _aLondon
_bRICS
_c2000
300 _a1
_fsample pad.
_c30cm.
490 0 _aRICS Stationery
650 2 4 _aJCT INTERMEDIATE FORM OF BUILDING CONTRACT FOR WORKS OF SIMPLE CONTENT (1998 EDITION)
651 4 _aUnited Kingdom
_y
690 _aBUILT ENVIRONMENT-BUILDING CONTRACT FORMS-STANDARD FORMS OF BUILDING CONTRACT-JOINT CONTRACTS TRIBUNAL CONTRACTS
942 _n0
999 _c100988
_d100988